Ball control offense and disciplined defense in basketball. (Record no. 5171)

MARC details
000 -LEADER
fixed length control field 00671cam a22002291 4500
001 - CONTROL NUMBER
control field 9416791
003 - CONTROL NUMBER IDENTIFIER
control field OSt
005 - DATE AND TIME OF LATEST TRANSACTION
control field 20210920154403.0
008 - FIXED-LENGTH DATA ELEMENTS--GENERAL INFORMATION
fixed length control field 750603s1967 xx 000 0 eng
010 ## - LIBRARY OF CONGRESS CONTROL NUMBER
LC control number 67013000
035 ## - SYSTEM CONTROL NUMBER
System control number (OCoLC)1371074
040 ## - CATALOGING SOURCE
Original cataloging agency DDC
Transcribing agency HU
Modifying agency OCoLC
-- DLC
050 00 - LIBRARY OF CONGRESS CALL NUMBER
Classification number GV885.3
Item number .V3
082 00 - DEWEY DECIMAL CLASSIFICATION NUMBER
Classification number 796.32/RYS
100 1# - MAIN ENTRY--PERSONAL NAME
Personal name Van Ryswyk, Ron
9 (RLIN) 5218
245 10 - TITLE STATEMENT
Title Ball control offense and disciplined defense in basketball.
260 ## - PUBLICATION, DISTRIBUTION, ETC.
Place of publication, distribution, etc. West Nyack, N.Y.,
Name of publisher, distributor, etc. Parker Pub. Co.,
Date of publication, distribution, etc. [1967]
300 ## - PHYSICAL DESCRIPTION
Extent xi. 209 p.
Other physical details illus.
Dimensions 24 cm.
650 #0 - SUBJECT ADDED ENTRY--TOPICAL TERM
Topical term or geographic name entry element Basketball
General subdivision Coaching.
9 (RLIN) 5219
906 ## - LOCAL DATA ELEMENT F, LDF (RLIN)
a 7
b cbc
c oclcrpl
d u
e ncip
f 19
g y-gencatlg
942 ## - ADDED ENTRY ELEMENTS (KOHA)
Source of classification or shelving scheme Dewey Decimal Classification
Koha item type Books like text book referance book
Suppress in OPAC No
Holdings
Withdrawn status Lost status Source of classification or shelving scheme Damaged status Not for loan Home library Current library Shelving location Date acquired Total Checkouts Full call number Barcode Date last seen Copy number Price effective from Koha item type
    Dewey Decimal Classification     Natural & Computational Science Library Natural & Computational Science Library General Stacks 09/20/2021   796.32/RYS NSCLIB00009868 09/20/2021 1 09/20/2021 Books like text book referance book